[Event "2.Bl-West"]
[Site "Dornbirn"]
[Date "2004.01.16"]
[Round "6"]
[Board "3"]
[White "Teufl, Siegfried"]
[Black "Fuchs, Georg"]
[Result "1/2-1/2"]
[WhiteElo "2192"]
[BlackElo "2252"]
[PlyCount "62"]

1.e4 e5 2.Nf3 Nf6 3.d4 Nxe4 4.Bd3 d5 5.Nxe5 Bd6 6.Qh5 O-O 7.O-O c5 8.Nc3 g6
9.Qh6 Nf6 10.Nb5 Bxe5 11.dxe5 Ng4 12.Qf4 Nc6 13.e6 Nge5 14.exf7+ Rxf7 15.Qg3 a6
16.Bg5 Qf8 17.Nc3 c4 18.Be2 d4 19.Nd5 Be6 20.Nb6 Re8 21.f4 d3 22.fxe5 dxe2
23.Rxf7 Qxf7 24.Re1 Qc7 25.Be3 Bf7 26.Rxe2 Rxe5 27.Bc5 Be6 28.Re4 Qb8 29.Qe3
Rxe4 30.Qxe4 Qe5 31.Qxe5 Nxe5

[Event "2.Bl-West"]
[Site "Dornbirn"]
[Date "2004.01.16"]
[Round "6"]
[Board "4"]
[White "Kondrak, Christof"]
[Black "Besner, Bernhard"]
[Result "1-0"]
[WhiteElo "2222"]
[BlackElo "2167"]
[PlyCount "101"]

1.d4 d5 2.c4 e6 3.Nf3 c5 4.dxc5 Bxc5 5.e3 Nf6 6.a3 O-O 7.b4 Be7 8.Bb2 dxc4
9.Qxd8 Rxd8 10.Bxc4 a6 11.Ke2 b5 12.Bd3 Bb7 13.Nbd2 Nbd7 14.Rac1 Rac8 15.Nb3 Nb6
16.Na5 Bd5 17.Nd4 Bxg2 18.Ndc6 Bxc6 19.Nxc6 Rd7 20.Rhg1 Kf8 21.Nxe7 Rxc1 22.Rxc1
Kxe7 23.Bd4 Na4 24.Rc8 g6 25.Rc6 Nd5 26.Rxa6 Nf4+ 27.exf4 Rxd4 28.Ra7+ Kf6
29.Ke3 Rd5 30.Bxb5 Nb6 31.Be8 Nc4+ 32.Ke2 e5 33.Bxf7 Rd2+ 34.Ke1 Rd4 35.Bxc4
Rxc4 36.fxe5+ Kxe5 37.Kd2 Rh4 38.b5 Rxh2 39.Ke2 Kd6 40.a4 Rh5 41.Rb7 Re5+ 42.Kf3
Rf5+ 43.Kg2 Rg5+ 44.Kf1 h5 45.a5 Rc5 46.a6 Rc1+ 47.Kg2 Rc7 48.b6 Rc5 49.a7 Rg5+
50.Kh2 Ra5 51.Rb8

[Event "2.Bl-West"]
[Site "Dornbirn"]
[Date "2004.01.16"]
[Round "6"]
[Board "5"]
[White "Scheiblmaier, Robert"]
[Black "Fuerlinger, Harald"]
[Result "1/2-1/2"]
[WhiteElo "2142"]
[BlackElo "2097"]
[PlyCount "81"]

1.d4 Nf6 2.c4 e6 3.g3 c5 4.Nf3 g6 5.Bg2 Bg7 6.O-O O-O 7.Nc3 cxd4 8.Nxd4 a6 9.e4
d6 10.h3 Nc6 11.Be3 Nxd4 12.Bxd4 e5 13.Be3 Be6 14.b3 Qd7 15.Kh2 b5 16.Nd5 Bxd5
17.cxd5 Rac8 18.Qd2 Qb7 19.Rac1 Rxc1 20.Rxc1 Rc8 21.Rc2 Ne8 22.Qc1 Rxc2 23.Qxc2
Bf6 24.h4 Bd8 25.Kg1 Bb6 26.Bxb6 Qxb6 27.Qc8 Kf8 28.Bh3 Ke7 29.Qd7+ Kf8 30.Qc8
Ke7 31.Qd7+ Kf8 32.Qc8 Ke7 33.Bg2 a5 34.a3 Qc5 35.Qb7+ Kf8 36.Bf1 b4 37.axb4
axb4 38.Qb8 Ke7 39.Qb7+ Kf8 40.Qb8 Ke7 41.Qb7+

[Event "2.Bl-West"]
[Site "Dornbirn"]
[Date "2004.01.16"]
[Round "6"]
[Board "6"]
[White "Kornthaler, Reinhard"]
[Black "Herndl, Gerald"]
[Result "1-0"]
[WhiteElo "2087"]
[BlackElo "2180"]
[PlyCount "81"]

1.e4 e5 2.Nf3 Nc6 3.Bb5 a6 4.Ba4 Nf6 5.O-O Be7 6.Re1 b5 7.Bb3 O-O 8.h3 d5 9.exd5
Nxd5 10.Nxe5 Nxe5 11.Rxe5 c6 12.d4 Bd6 13.Re1 Qh4 14.Nc3 Bxh3 15.Re4 Bh2+
16.Kxh2 Bg4+ 17.Kg1 Nf6 18.f3 Nxe4 19.Nxe4 Be6 20.Bg5 Qh5 21.Bxe6 fxe6 22.Be7
Rf7 23.Bd6 Rd8 24.Be5 Rdf8 25.Qe2 g5 26.a4 Qg6 27.axb5 axb5 28.Nd6 Rd7 29.Ra6 h5
30.Rxc6 g4 31.fxg4 hxg4 32.Rc3 Ra7 33.Ra3 Rh7 34.Rg3 Rh4 35.Ne4 Qf5 36.Nf2 Kh7
37.Nxg4 Rf7 38.b3 b4 39.Rf3 Qh5 40.Rxf7+ Qxf7 41.Nf6+

[Event "2.Bl-West"]
[Site "Dornbirn"]
[Date "2004.01.17"]
[Round "7"]
[Board "1"]
[White "Heinzel, Olaf"]
[Black "Poettinger, Harald"]
[Result "1-0"]
[WhiteElo "2358"]
[BlackElo "2238"]
[PlyCount "133"]

1.d4 d6 2.Bf4 Nd7 3.Nf3 g6 4.e3 Bg7 5.c3 e5 6.Bg3 Qe7 7.Be2 Nh6 8.h3 f5 9.Bh4
Bf6 10.Bxf6 Nxf6 11.dxe5 dxe5 12.Qb3 Nf7 13.Nbd2 e4 14.Nd4 c5 15.Qb5+ Nd7 16.Nc2
Nd6 17.Qb3 Nb6 18.Qa3 Qc7 19.Nb3 Nd7 20.O-O-O b6 21.Rd2 Ne5 22.Rhd1 Nef7 23.Kb1
Ke7 24.f4 Be6 25.Nc1 Rhd8 26.b3 Rd7 27.Qb2 Rad8 28.c4 Ne8 29.Na3 a6 30.Rxd7+
Rxd7 31.Rxd7+ Qxd7 32.Kc2 Kd6 33.Nb1 Qe7 34.Kd1 Kc6 35.Nc3 Qf6 36.b4 cxb4
37.Qxb4 Qd8+ 38.Kc2 Nfd6 39.Nb3 Qc7 40.Nd4+ Kd7 41.Nxe6 Kxe6 42.Nd5 Qc5 43.Qxb6
Qa3 44.Qb3 Qa5 45.Nc3 Ke7 46.a3 Qc5 47.Qb4 Qc6 48.Nd5+ Kf7 49.Kb3 Kg7 50.Qb6 Qc8
51.c5 Nb7 52.c6 Nbd6 53.Bxa6 Qe6 54.Qd4+ Kh6 55.Qe5 Qf7 56.Bc4 Qa7 57.Qd4 Qa5
58.Nb4 Qc7 59.Be2 Qe7 60.g4 g5 61.Qe5 Qf7+ 62.Nd5 Kg6 63.gxf5+ Nxf5 64.Bc4 Ned6
65.c7 Nxc4 66.Kxc4 Nxe3+ 67.Kc5

[Event "2.Bl-West"]
[Site "Dornbirn"]
[Date "2004.01.17"]
[Round "7"]
[Board "2"]
[White "Hugentobler, Patrick"]
[Black "Bayer, Bernhard"]
[Result "1/2-1/2"]
[WhiteElo "2262"]
[BlackElo "2298"]
[PlyCount "54"]

1.e4 e5 2.Nf3 Nc6 3.Bb5 a6 4.Bxc6 dxc6 5.O-O f6 6.d4 exd4 7.Nxd4 c5 8.Nb3 Qxd1
9.Rxd1 Bd6 10.Na5 b5 11.c4 Be6 12.Be3 O-O-O 13.Nc3 bxc4 14.Na4 Ne7 15.Bxc5 Bd7
16.Bxd6 Bxa4 17.b3 cxb3 18.axb3 Rxd6 19.Rxd6 cxd6 20.Rxa4 d5 21.exd5 Nxd5 22.Rd4
Rd8 23.Nc6 Re8 24.Kf1 Kc7 25.Rxd5 Kxc6 26.Rd3 Re7 27.h4 Rd7

[Event "2.Bl-West"]
[Site "Dornbirn"]
[Date "2004.01.17"]
[Round "7"]
[Board "3"]
[White "Fuchs, Georg"]
[Black "Bezler, Rainer"]
[Result "1/2-1/2"]
[WhiteElo "2252"]
[BlackElo "2228"]
[PlyCount "28"]

1.e4 c5 2.Nf3 d6 3.Bb5+ Bd7 4.Bxd7+ Qxd7 5.O-O Nc6 6.Nc3 Nf6 7.Re1 e6 8.d4 cxd4
9.Nxd4 Be7 10.Bg5 O-O 11.Nxc6 Qxc6 12.Qd3 Rac8 13.Rad1 Rfd8 14.Re2 a6

[Event "2.Bl-West"]
[Site "Dornbirn"]
[Date "2004.01.17"]
[Round "7"]
[Board "4"]
[White "Gattenloehner, Sebastian"]
[Black "Kondrak, Christof"]
[Result "1/2-1/2"]
[WhiteElo "2218"]
[BlackElo "2222"]
[PlyCount "82"]

1.e4 c5 2.Nf3 Nc6 3.d4 cxd4 4.Nxd4 e5 5.Nb5 d6 6.c4 a6 7.N5a3 Be7 8.Bd3 Nf6
9.O-O O-O 10.Nc3 Bd7 11.Bg5 Rc8 12.Bxf6 Bxf6 13.Nc2 Bg5 14.Ne3 Nd4 15.a4 Qf6
16.Ned5 Qg6 17.Ne2 Bg4 18.f3 Nxe2+ 19.Qxe2 Be6 20.Rfe1 Bxd5 21.exd5 Qh6 22.Rad1
Bd8 23.b4 Bb6+ 24.Kh1 Bd4 25.Rc1 Rc7 26.g3 f5 27.c5 dxc5 28.bxc5 Kh8 29.Rc4 Bxc5
30.Qxe5 Bd6 31.Qe3 f4 32.Qd2 Rxc4 33.Bxc4 fxg3 34.Qxh6 gxh6 35.Re6 Rd8 36.hxg3
Bxg3 37.Rxh6 Rd6 38.Rh5 h6 39.Kg2 Bf4 40.Rf5 Bg5 41.f4 Rf6

[Event "2.Bl-West"]
[Site "Dornbirn"]
[Date "2004.01.17"]
[Round "7"]
[Board "5"]
[White "Fuerlinger, Harald"]
[Black "Mira, Helene"]
[Result "0-1"]
[WhiteElo "2097"]
[BlackElo "2096"]
[PlyCount "94"]

1.d4 Nf6 2.c4 e6 3.Nc3 Bb4 4.Bg5 c5 5.e3 Qa5 6.Qc2 Ne4 7.Qxe4 Bxc3+ 8.Kd1 Bxb2
9.Rb1 cxd4 10.Nf3 Qa4+ 11.Qc2 Qxc2+ 12.Kxc2 Ba3 13.exd4 Be7 14.Bd3 Nc6 15.Bd2
O-O 16.d5 exd5 17.cxd5 Nd8 18.Rhe1 Bc5 19.Bb4 Bxb4 20.Rxb4 f6 21.Re7 Nf7 22.Nd4
Nd6 23.Nf5 Nxf5 24.Bxf5 d6 25.Be6+ Bxe6 26.Rxe6 Rac8+ 27.Kd3 Rc7 28.Rxd6 Re8
29.Ra4 a6 30.Rc4 Rce7 31.Rb6 Rd7 32.Rc5 Re1 33.Rc8+ Kf7 34.Rb8 Rxd5+ 35.Kc4 Rd2
36.R8xb7+ Kg6 37.Rb2 Rc1+ 38.Kb3 Rxb2+ 39.Kxb2 Rf1 40.Kc3 Rxf2 41.a4 Rxg2 42.Ra7
Rxh2 43.Rxa6 h5 44.a5 h4 45.Rb6 Ra2 46.Rb5 h3 47.Kb3 h2

[Event "2.Bl-West"]
[Site "Dornbirn"]
[Date "2004.01.17"]
[Round "7"]
[Board "6"]
[White "Heilinger, Dietmar"]
[Black "Kornthaler, Reinhard"]
[Result "1-0"]
[WhiteElo "2179"]
[BlackElo "2087"]
[PlyCount "53"]

1.c4 Nf6 2.g3 g6 3.Bg2 Bg7 4.Nc3 O-O 5.e4 d6 6.Nge2 Nc6 7.O-O e5 8.h3 Re8 9.d3
a6 10.f4 Nd4 11.f5 c6 12.g4 b5 13.g5 Nd7 14.f6 Bf8 15.Be3 b4 16.Na4 Qa5 17.h4
Nxe2+ 18.Qxe2 Qxa4 19.h5 Nc5 20.hxg6 hxg6 21.Bxc5 dxc5 22.Kf2 b3 23.a3 Be6
24.Rh1 Rad8 25.Rh4 Rxd3 26.Rah1 Bg7 27.Rh7

[Event "2.Bl-West"]
[Site "Dornbirn"]
[Date "2004.01.17"]
[Round "7"]
[Board "1"]
[White "Halasz, Tamas"]
[Black "Westermeier, Arnulf"]
[Result "1/2-1/2"]
[WhiteElo "2383"]
[BlackElo "2297"]
[PlyCount "45"]

1.d4 d5 2.c4 e6 3.Nc3 Nf6 4.Nf3 Be7 5.Bg5 Nbd7 6.e3 O-O 7.Rc1 a6 8.cxd5 exd5
9.Bd3 Re8 10.O-O c6 11.Qc2 Nf8 12.Ne5 Ng4 13.Bxe7 Qxe7 14.Nxg4 Bxg4 15.Rce1 Rad8
16.f4 f6 17.f5 Bh5 18.Qf2 Bf7 19.Qf4 c5 20.dxc5 Qxc5 21.Qd4 Nd7 22.b4 Qd6 23.Ne4

[Event "2.Bl-West"]
[Site "Dornbirn"]
[Date "2004.01.17"]
[Round "7"]
[Board "2"]
[White "Juergens, Klaus"]
[Black "Blaskowski, Johannes"]
[Result "1/2-1/2"]
[WhiteElo "2162"]
[BlackElo "2347"]
[PlyCount "121"]

1.Nf3 Nf6 2.c4 e6 3.g3 d5 4.b3 c5 5.Bg2 Nc6 6.O-O Be7 7.e3 O-O 8.Bb2 dxc4 9.bxc4
Na5 10.Qe2 b6 11.Bc3 Bb7 12.Bxa5 bxa5 13.d3 Nd7 14.Nbd2 Rb8 15.Rab1 Qc7 16.Rfc1
Bc6 17.Ne1 Bxg2 18.Kxg2 Rb6 19.Rxb6 axb6 20.Ne4 Qc6 21.Kg1 Ne5 22.f4 Nd7 23.Qf3
Rc8 24.Nc3 f5 25.Qxc6 Rxc6 26.e4 fxe4 27.dxe4 Rd6 28.Nf3 Nb8 29.e5 Rd3 30.Kf2
Nc6 31.Ke2 Rd7 32.Rd1 Rxd1 33.Kxd1 h6 34.Kd2 Kf7 35.a3 Ke8 36.Ke3 Nd4 37.Ke4 Nc6
38.f5 exf5+ 39.Kxf5 Kf7 40.Nb5 g6+ 41.Ke4 Ke6 42.Nc7+ Kd7 43.Nd5 Bd8 44.g4 a4
45.h4 Na5 46.Ne3 Ke6 47.h5 gxh5 48.gxh5 Be7 49.Kd3 Bf8 50.Nd5 Bg7 51.Nxb6 Bxe5
52.Nxe5 Kxe5 53.Nxa4 Nb7 54.Nb6 Kf4 55.Nd7 Kg4 56.Ne5+ Kxh5 57.Nf7 Kg6 58.Nxh6
Kxh6 59.Ke4 Na5 60.Kd5 Nb3 61.a4

[Event "2.Bl-West"]
[Site "Dornbirn"]
[Date "2004.01.17"]
[Round "7"]
[Board "3"]
[White "Grundherr, Martin"]
[Black "Teufl, Siegfried"]
[Result "1-0"]
[WhiteElo "2327"]
[BlackElo "2192"]
[PlyCount "45"]

1.e4 e5 2.Nf3 Nc6 3.Nc3 Nf6 4.g3 d6 5.h3 d5 6.exd5 Nxd5 7.Bg2 Nxc3 8.bxc3 Bd6
9.O-O O-O 10.Re1 f5 11.d3 Bd7 12.Bg5 Qe8 13.Nxe5 Bxe5 14.d4 Qg6 15.dxe5 Qxg5
16.Qxd7 f4 17.Qg4 Qxg4 18.Bd5+ Kh8 19.hxg4 Rae8 20.e6 Na5 21.e7 Rf6 22.g5 Rf5
23.Be6

[Event "2.Bl-West"]
[Site "Dornbirn"]
[Date "2004.01.17"]
[Round "7"]
[Board "4"]
[White "Loeffler, Christoph"]
[Black "Eybl, Alexander"]
[Result "1/2-1/2"]
[WhiteElo "2147"]
[BlackElo "2251"]
[PlyCount "32"]

1.e4 g6 2.Nc3 Bg7 3.f4 c5 4.Nf3 Nc6 5.Bc4 e6 6.f5 Nge7 7.fxe6 dxe6 8.d3 O-O
9.O-O Na5 10.Bb3 Nxb3 11.axb3 Nc6 12.Qe1 Nd4 13.Rf2 e5 14.Kh1 Bg4 15.Nd5 Be6
16.Ne3 f6

[Event "2.Bl-West"]
[Site "Dornbirn"]
[Date "2004.01.17"]
[Round "7"]
[Board "5"]
[White "Astl, Peter"]
[Black "Besner, Bernhard"]
[Result "1/2-1/2"]
[WhiteElo "2240"]
[BlackElo "2167"]
[PlyCount "113"]

1.Nf3 d5 2.e3 Nf6 3.b3 Bg4 4.Bb2 Nbd7 5.Be2 e6 6.O-O Bd6 7.c4 c6 8.d4 O-O 9.Nc3
Re8 10.h3 Bh5 11.Rc1 Rc8 12.Ne5 Bxe2 13.Nxe2 Qc7 14.Nxd7 Qxd7 15.c5 Bb8 16.f4
Ne4 17.Nc3 Nxc3 18.Bxc3 f5 19.Qh5 Qf7 20.Qxf7+ Kxf7 21.b4 Bc7 22.a4 a6 23.Rf2
Ra8 24.Rb2 Ke7 25.Kf2 Kd7 26.Kf3 Reb8 27.Be1 Bd8 28.b5 axb5 29.axb5 cxb5 30.Rxb5
Kc6 31.Rb2 Ra6 32.g4 g6 33.g5 Rba8 34.Rcc2 Ra1 35.Re2 Bc7 36.h4 Rc1 37.Bf2 b6
38.cxb6 Bxb6 39.Rec2+ Rxc2 40.Rxc2+ Kd7 41.Rb2 Kc6 42.Rb1 Ra3 43.Kg2 Ra2 44.Rh1
Ba5 45.h5 Bb4 46.Kf3 Ra8 47.hxg6 hxg6 48.Rh7 Rg8 49.Rf7 Kd6 50.Ke2 Kc6 51.Be1
Bd6 52.Kd3 Ba3 53.Ba5 Bd6 54.Kc3 Kb5 55.Ra7 Bb8 56.Ra8 Kc6 57.Bb4

[Event "2.Bl-West"]
[Site "Dornbirn"]
[Date "2004.01.17"]
[Round "7"]
[Board "6"]
[White "Scheiblmaier, Robert"]
[Black "Neuschmied, Siegfried"]
[Result "1-0"]
[WhiteElo "2142"]
[BlackElo "2219"]
[PlyCount "76"]

1.d4 Nf6 2.c4 g6 3.Nc3 Bg7 4.e4 d6 5.f3 O-O 6.Be3 c5 7.d5 e6 8.Qd2 exd5 9.cxd5
Re8 10.Nge2 Nbd7 11.a4 a6 12.Nd1 Ne5 13.Nec3 Qa5 14.Ra3 Qb4 15.Nf2 Bd7 16.Be2 b5
17.O-O bxa4 18.Rfa1 Reb8 19.f4 Nc4 20.Bxc4 Qxc4 21.e5 Ne8 22.Nxa4 Rb4 23.Nc3
dxe5 24.fxe5 Bxe5 25.Nd3 Bd6 26.Ra5 Qh4 27.Nxb4 Bxh2+ 28.Kf1 cxb4 29.Ne2 Qf6+
30.Ke1 Bc7 31.R5a2 a5 32.b3 Bb5 33.Bg5 Qe5 34.Bf4 Qe7 35.Bxc7 Qxc7 36.Qf4 Qe7
37.Qd2 Bxe2 38.Qxe2 Qc5

[Event "2.Bl-West"]
[Site "Dornbirn"]
[Date "2004.01.17"]
[Round "7"]
[Board "1"]
[White "Bezold, Michael"]
[Black "Micheli, Carlo"]
[Result "1/2-1/2"]
[WhiteElo "2456"]
[BlackElo "2360"]
[PlyCount "87"]

1.c4 d6 2.g3 g6 3.Bg2 Bg7 4.Nc3 e5 5.e4 Nc6 6.Nge2 Nh6 7.d3 O-O 8.h3 f5 9.Be3
Nd4 10.Qd2 Nf7 11.f4 c6 12.O-O a6 13.Rae1 Bd7 14.exf5 gxf5 15.Bf2 b5 16.fxe5
Nxe2+ 17.Rxe2 dxe5 18.Bc5 Re8 19.Ref2 Ng5 20.Rxf5 Bxf5 21.Rxf5 Ne6 22.Be3 Nd4
23.Rg5 Ra7 24.Qd1 Kh8 25.Qh5 Re6 26.Ne4 bxc4 27.dxc4 Bh6 28.Kh2 Bxg5 29.Nxg5
Ree7 30.Nf7+ Rxf7 31.Qxe5+ Rg7 32.Bxd4 Rad7 33.Bc3 Rde7 34.Qf4 Qe8 35.Bxc6 Re2+
36.Bg2 Kg8 37.Bxg7 Kxg7 38.h4 Qe6 39.b4 Rxa2 40.Qd4+ Qf6 41.Qd7+ Qf7 42.Qd4+ Qf6
43.Qd7+ Qf7 44.Qd4+

[Event "2.Bl-West"]
[Site "Dornbirn"]
[Date "2004.01.17"]
[Round "7"]
[Board "2"]
[White "Unzicker, Ferdinand"]
[Black "Novkovic, Milan"]
[Result "0-1"]
[WhiteElo "2290"]
[BlackElo "2371"]
[PlyCount "42"]

1.c4 c6 2.Nf3 d5 3.b3 Bg4 4.Bb2 Bxf3 5.gxf3 e6 6.e3 Nd7 7.cxd5 cxd5 8.f4 Ngf6
9.f5 Bd6 10.Nc3 a6 11.fxe6 fxe6 12.Bd3 Ne5 13.Be2 O-O 14.O-O Ng6 15.f4 d4 16.Nb1
dxe3 17.dxe3 Bc5 18.Bd4 Bxd4 19.exd4 Nd5 20.f5 Ne3 21.Qd3 Qg5+

[Event "2.Bl-West"]
[Site "Dornbirn"]
[Date "2004.01.17"]
[Round "7"]
[Board "3"]
[White "Gaertner, Guntram"]
[Black "Deglmann, Ludwig"]
[Result "0-1"]
[WhiteElo "2340"]
[BlackElo "2262"]
[PlyCount "112"]

1.d4 f5 2.c4 Nf6 3.Nc3 e6 4.Nf3 Bb4 5.Qb3 Qe7 6.a3 Bxc3+ 7.Qxc3 O-O 8.g3 d6
9.Bg2 Ne4 10.Qc2 a5 11.b3 e5 12.dxe5 dxe5 13.Bb2 Nc6 14.O-O Qc5 15.Rad1 Be6
16.Ne1 a4 17.Nd3 axb3 18.Qxb3 Qxc4 19.Qxc4 Bxc4 20.Rfe1 Ra5 21.Rc1 b5 22.Bxe5
Rxa3 23.Bxc7 Ra2 24.Bb6 Rb8 25.Be3 Rd8 26.Nc5 Nxc5 27.Bxc5 Nd4 28.Bxd4 Rxd4
29.Bf3 g5 30.Red1 Rxd1+ 31.Rxd1 Kg7 32.h3 b4 33.Rd7+ Kf6 34.Bd5 Bxd5 35.Rxd5
Rxe2 36.Rb5 Re4 37.Rb6+ Ke5 38.Rb5+ Ke6 39.f3 Rc4 40.g4 fxg4 41.hxg4 h6 42.Kf2
Kd6 43.Ke3 Kc6 44.Rb8 Rf4 45.Rc8+ Kb5 46.Rb8+ Kc4 47.Rc8+ Kb3 48.Rc6 Rc4 49.Rxh6
Kc3 50.Rh1 b3 51.Rc1+ Kb4 52.Rb1 Rf4 53.Ke2 Ka3 54.Ra1+ Kb2 55.Ra5 Kc3 56.Kd1
Rd4+

[Event "2.Bl-West"]
[Site "Dornbirn"]
[Date "2004.01.17"]
[Round "7"]
[Board "4"]
[White "Hoellrigl, Wilfried"]
[Black "Feistenauer, Fred"]
[Result "1/2-1/2"]
[WhiteElo "2200"]
[BlackElo "2257"]
[PlyCount "38"]

1.e4 d5 2.exd5 Nf6 3.d4 Bg4 4.Be2 Bxe2 5.Qxe2 Qxd5 6.Nf3 e6 7.O-O Be7 8.c4 Qf5
9.Nc3 O-O 10.d5 Bc5 11.dxe6 Nc6 12.Be3 Rae8 13.Bxc5 Qxc5 14.exf7+ Rxf7 15.Qd3
Rd7 16.Na4 Qxf2+ 17.Rxf2 Rxd3 18.Nc5 Rde3 19.Rd2 Ne4

[Event "2.Bl-West"]
[Site "Dornbirn"]
[Date "2004.01.17"]
[Round "7"]
[Board "5"]
[White "Grabher, Heinz"]
[Black "Sprenger, Wendelin"]
[Result "1-0"]
[WhiteElo "2234"]
[BlackElo "2153"]
[PlyCount "55"]

1.e4 c5 2.Nf3 Nc6 3.d4 cxd4 4.Nxd4 Nf6 5.Nc3 e5 6.Ndb5 d6 7.Bg5 a6 8.Na3 b5
9.Bxf6 gxf6 10.Nd5 f5 11.Bd3 Be6 12.O-O Bg7 13.Qh5 f4 14.c4 b4 15.Nc2 a5 16.b3
O-O 17.g3 Ne7 18.a3 bxa3 19.Rxa3 Ng6 20.Rfa1 Rb8 21.Ne1 Qd7 22.Qd1 f5 23.Rxa5
fxe4 24.Bxe4 Bf5 25.Ra7 Qc8 26.Rc7 Bxe4 27.Rxc8 Rfxc8 28.Ra7

[Event "2.Bl-West"]
[Site "Dornbirn"]
[Date "2004.01.17"]
[Round "7"]
[Board "1"]
[White "Schmittdiel, Eckhard"]
[Black "Dobosz, Henryk"]
[Result "1/2-1/2"]
[WhiteElo "2483"]
[BlackElo "2457"]
[PlyCount "65"]

1.e4 e5 2.Nf3 d6 3.d4 exd4 4.Nxd4 Nf6 5.Nc3 g6 6.Bg5 Bg7 7.Bc4 h6 8.Bh4 Nc6 9.f3
O-O 10.O-O Nxd4 11.Qxd4 Nh5 12.Qxg7+ Kxg7 13.Bxd8 Rxd8 14.Rad1 Be6 15.Bb3 Nf6
16.Rd2 Re8 17.Nb5 Re7 18.c4 a6 19.Nc3 Nd7 20.Nd5 Bxd5 21.cxd5 Nc5 22.Bc2 a5
23.b3 b5 24.a3 b4 25.axb4 axb4 26.Rd4 Rb8 27.Kf2 Rb7 28.h4 Re8 29.Ra1 g5 30.Rc4
Kf6 31.hxg5+ hxg5 32.Kg3 Rh8 33.Kf2

[Event "2.Bl-West"]
[Site "Dornbirn"]
[Date "2004.01.17"]
[Round "7"]
[Board "2"]
[White "Riemelmoser, Franz"]
[Black "Duer, Arne"]
[Result "0-1"]
[WhiteElo "2287"]
[BlackElo "2375"]
[PlyCount "116"]

1.c4 e5 2.Nc3 d6 3.g3 f5 4.Bg2 Nf6 5.d4 e4 6.f3 exf3 7.Nxf3 Be7 8.O-O O-O 9.Qb3
c6 10.Bd2 Na6 11.Rae1 Nc7 12.d5 c5 13.Bf4 b6 14.Nd2 Nh5 15.Be3 Bg5 16.Bxg5 Qxg5
17.e3 Bd7 18.Nf3 Qh6 19.Ne2 Rae8 20.Nf4 Nf6 21.a4 Ne4 22.Re2 Re7 23.Nd2 Nxd2
24.Rxd2 Rfe8 25.Rd3 Qg5 26.Rfd1 Kh8 27.Qc3 Re5 28.b3 Qe7 29.Kf2 Rf8 30.Kg1 Ne8
31.Nh5 g6 32.Nf4 Nf6 33.Re1 Re8 34.Bf3 Kg8 35.Ng2 g5 36.Rdd1 Rf8 37.Qb2 Be8
38.a5 Bh5 39.Bxh5 Nxh5 40.b4 Nf6 41.bxc5 bxc5 42.Rd3 Re4 43.Rb3 Rxc4 44.Rb7 Qe4
45.Re2 Rb4 46.Rxb4 Qxb4 47.Qc1 Rb8 48.Ne1 Ne4 49.a6 Qb1 50.Rc2 Rb3 51.Qxb1 Rxb1
52.Kf1 Ra1 53.Rb2 Rxa6 54.Rb7 Ra2 55.Kg1 Ra1 56.Kf1 c4 57.Rb4 c3 58.Ke2 Ra2+

[Event "2.Bl-West"]
[Site "Dornbirn"]
[Date "2004.01.17"]
[Round "7"]
[Board "3"]
[White "Pilz, Dieter"]
[Black "Schmidlechner, Alexander"]
[Result "1/2-1/2"]
[WhiteElo "2349"]
[BlackElo "2208"]
[PlyCount "39"]

1.Nf3 f5 2.c4 Nf6 3.Nc3 g6 4.g3 Bg7 5.Bg2 d6 6.d4 O-O 7.O-O Qe8 8.b3 c6 9.Bb2
Na6 10.d5 Bd7 11.Rb1 Rb8 12.e3 h6 13.Nd4 Nc7 14.Qe2 c5 15.Ndb5 Nxb5 16.Nxb5 a6
17.Nc3 b5 18.f3 bxc4 19.bxc4 Qf7 20.Ba1

[Event "2.Bl-West"]
[Site "Dornbirn"]
[Date "2004.01.17"]
[Round "7"]
[Board "4"]
[White "Eisenbeiser, Amadeus"]
[Black "Ferrari, Josef"]
[Result "1-0"]
[WhiteElo "2223"]
[BlackElo "2226"]
[PlyCount "67"]

1.e4 e5 2.Nf3 Nc6 3.d4 exd4 4.Nxd4 Nf6 5.Nxc6 bxc6 6.e5 Qe7 7.Qe2 Nd5 8.c4 Ba6
9.g3 g6 10.Bg2 Bg7 11.O-O O-O 12.Re1 Rfe8 13.Na3 Nb6 14.Qc2 Bxe5 15.Rb1 Qf6
16.h4 Qg7 17.Bd2 Bd4 18.b4 Bb7 19.Nb5 cxb5 20.Bxb7 Nxc4 21.Bxa8 Rxa8 22.Qe4 Rf8
23.Bf4 Qf6 24.Re2 Nd6 25.Bxd6 cxd6 26.Qd5 a6 27.Rd1 Ba7 28.Qxd6 Qf3 29.Qd3 Qg4
30.Re4 Qh3 31.Qf3 Rc8 32.Re7 f6 33.Rexd7 Bb6 34.Rb7

[Event "2.Bl-West"]
[Site "Dornbirn"]
[Date "2004.01.17"]
[Round "7"]
[Board "5"]
[White "Gerhold, Michael"]
[Black "Scheffknecht, Philipp"]
[Result "1-0"]
[WhiteElo "2223"]
[BlackElo "2162"]
[PlyCount "55"]

1.d4 Nf6 2.Nf3 e6 3.c4 b6 4.e3 Bb7 5.Bd3 c5 6.O-O d6 7.Nc3 Nbd7 8.b3 Be7 9.Bb2
cxd4 10.exd4 O-O 11.Qe2 Re8 12.Rad1 Rc8 13.Bb1 Qc7 14.Rfe1 Qb8 15.Qd3 Nf8 16.d5
exd5 17.Nxd5 Nxd5 18.cxd5 Rc5 19.Qe4 Qa8 20.Qg4 Ng6 21.h4 Bxd5 22.Ng5 Bxg5
23.hxg5 Be6 24.Qd4 Ne5 25.Be4 d5 26.Qxe5 f6 27.gxf6 Bf7 28.Qg5

[Event "2.Bl-West"]
[Site "Dornbirn"]
[Date "2004.01.17"]
[Round "7"]
[Board "6"]
[White "Kranz, Armin"]
[Black "Gruber, Michael"]
[Result "1/2-1/2"]
[WhiteElo "2146"]
[BlackElo "2123"]
[PlyCount "71"]

1.d4 f5 2.Nf3 Nf6 3.g3 g6 4.Bg2 Bg7 5.O-O O-O 6.c4 d6 7.Nc3 Qe8 8.Re1 Qf7 9.b3
Ne4 10.Bb2 Nd7 11.Rc1 Ndf6 12.Qc2 c6 13.e3 Rb8 14.Nd2 Nxd2 15.Qxd2 Bd7 16.d5 c5
17.f4 b5 18.cxb5 Bxb5 19.e4 fxe4 20.Nxe4 Nxe4 21.Rxe4 Bd7 22.Rce1 Rfe8 23.Bxg7
Qxg7 24.Kh1 Rb5 25.Qe2 Kf8 26.g4 Rb4 27.f5 Rxe4 28.Bxe4 g5 29.Qd3 Rb8 30.Bg2 Rb4
31.h3 h6 32.Qe3 Qf6 33.Bf1 Rf4 34.Kg2 Qb2+ 35.Kg3 Qf6 36.Bc4

[Event "2.Bl-West"]
[Site "Dornbirn"]
[Date "2004.01.17"]
[Round "7"]
[Board "1"]
[White "Lanka, Zigurds"]
[Black "Krivoshey, Sergei"]
[Result "1/2-1/2"]
[WhiteElo "2467"]
[BlackElo "2501"]
[PlyCount "77"]

1.e4 c5 2.Nf3 Nc6 3.d4 cxd4 4.Nxd4 g6 5.Nc3 Bg7 6.Be3 Nf6 7.Bc4 O-O 8.Bb3 a5
9.O-O d6 10.f3 Nxd4 11.Bxd4 Bd7 12.a3 Bc6 13.Nd5 e6 14.Nxf6+ Bxf6 15.c3 Bxd4+
16.Qxd4 Qg5 17.Rf2 Rad8 18.Rd1 Rd7 19.f4 Qc5 20.f5 Qxd4 21.cxd4 d5 22.Re1 Re8
23.fxe6 fxe6 24.e5 Rf7 25.Rxf7 Kxf7 26.Kf2 Ke7 27.Ke3 Rf8 28.h4 b6 29.Rh1 Bb5
30.h5 Rf1 31.Rxf1 Bxf1 32.hxg6 hxg6 33.g3 Bh3 34.Kf4 Bf5 35.Bd1 Kf7 36.Be2 Bc2
37.Bb5 Bf5 38.Kg5 Bc2 39.Kh6

[Event "2.Bl-West"]
[Site "Dornbirn"]
[Date "2004.01.17"]
[Round "7"]
[Board "2"]
[White "Umansky, Mikhail"]
[Black "Maiwald, Jens-Uwe"]
[Result "0-1"]
[WhiteElo "2452"]
[BlackElo "2543"]
[PlyCount "106"]

1.d4 g6 2.e4 Bg7 3.Nc3 d6 4.f4 c6 5.Nf3 Bg4 6.Be3 Nd7 7.h3 Bxf3 8.Qxf3 Qa5
9.O-O-O b5 10.e5 d5 11.Kb1 e6 12.g4 b4 13.Ne2 Ne7 14.Nc1 Qc7 15.Nd3 a5 16.h4 h5
17.Bh3 hxg4 18.Bxg4 Nb6 19.h5 gxh5 20.Bxh5 Nf5 21.Nc5 O-O-O 22.Bf2 Nc4 23.Qd3
Rdg8 24.Bg4 Nh6 25.Bh3 Bf8 26.b3 Na3+ 27.Ka1 Bxc5 28.dxc5 Kb7 29.Rdg1 Qc8 30.Bf1
Nb5 31.a4 bxa3 32.Rxg8 Qxg8 33.Qh3 Qg6 34.Bd3 f5 35.Qh4 Nc7 36.Qg5 Qxg5 37.fxg5
Nf7 38.Rxh8 Nxh8 39.Be2 Ne8 40.Be1 Ng7 41.Bxa5 Ng6 42.Bd8 f4 43.Bf6 Nf5 44.Ka2
Nfh4 45.Kxa3 f3 46.Bf1 Nf5 47.Kb4 Ne3 48.Bd3 f2 49.Ka5 f1=Q 50.Bxf1 Nxf1 51.b4
Ne3 52.b5 Nxc2 53.b6 Ne1

[Event "2.Bl-West"]
[Site "Dornbirn"]
[Date "2004.01.17"]
[Round "7"]
[Board "3"]
[White "Gross, David"]
[Black "Klundt, Klaus"]
[Result "1/2-1/2"]
[WhiteElo "2458"]
[BlackElo "2365"]
[PlyCount "34"]

1.e4 c5 2.Nf3 Nc6 3.Bb5 g6 4.Bxc6 dxc6 5.d3 Bg7 6.h3 b6 7.O-O e5 8.a3 a5 9.Nbd2
Be6 10.b3 f6 11.Bb2 Nh6 12.Qe2 O-O 13.c3 Rc8 14.Rfd1 Qe7 15.a4 Nf7 16.Nc4 Qc7
17.d4 exd4

[Event "2.Bl-West"]
[Site "Dornbirn"]
[Date "2004.01.17"]
[Round "7"]
[Board "4"]
[White "Hager, Franz"]
[Black "Tabernig, Bernhard"]
[Result "0-1"]
[WhiteElo "2237"]
[BlackElo "2368"]
[PlyCount "48"]

1.d4 d5 2.c4 c6 3.Nf3 dxc4 4.e3 Be6 5.a4 Nf6 6.Na3 Nbd7 7.Nxc4 Bd5 8.b4 e6 9.Ba3
Be7 10.Be2 O-O 11.O-O b6 12.Nfe5 Nxe5 13.Nxe5 a5 14.b5 Bxa3 15.Rxa3 Qd6 16.Ra1
c5 17.f3 Rfd8 18.Qd3 Rac8 19.Rfd1 Qb8 20.Rac1 Ba8 21.Rc4 Nd5 22.Rdc1 Nb4 23.Qd2
Qxe5 24.Qxb4 Qxe3+

[Event "2.Bl-West"]
[Site "Dornbirn"]
[Date "2004.01.17"]
[Round "7"]
[Board "5"]
[White "Kroell, Johannes"]
[Black "Lickleder, Andreas"]
[Result "0-1"]
[WhiteElo "2192"]
[BlackElo "2227"]
[PlyCount "64"]

1.Nc3 d5 2.e4 d4 3.Nce2 e5 4.Ng3 Be6 5.Nf3 Nd7 6.Bb5 c6 7.Ba4 Nc5 8.Bb3 Nxb3
9.axb3 f6 10.Nxe5 fxe5 11.Qh5+ Kd7 12.Qxe5 Qf6 13.Qa5 Bd6 14.O-O d3 15.cxd3 Qe5
16.Qc3 c5 17.f4 Qd4+ 18.Kh1 Ne7 19.Ne2 Qxc3 20.dxc3 Bxb3 21.Be3 Rhe8 22.Nc1 Bf7
23.g4 a6 24.Re1 Nd5 25.exd5 Bxf4 26.Bf2 Rxe1+ 27.Bxe1 Bxd5+ 28.Kg1 Rf8 29.h3
Be3+ 30.Kh2 Rf1 31.Ne2 Bf2 32.Ng3 Bg1#

[Event "2.Bl-West"]
[Site "Dornbirn"]
[Date "2004.01.17"]
[Round "7"]
[Board "6"]
[White "Huber, Wolfgang"]
[Black "Schiestl, Josef"]
[Result "1/2-1/2"]
[WhiteElo "2086"]
[BlackElo "2155"]
[PlyCount "42"]

1.e4 c5 2.c3 Nf6 3.e5 Nd5 4.g3 Nc6 5.Bg2 e6 6.Nf3 d6 7.exd6 Bxd6 8.d4 O-O 9.O-O
cxd4 10.Nxd4 Nxd4 11.Qxd4 Qc7 12.Nd2 Rd8 13.Qc4 Bc5 14.Qe2 Bd7 15.Ne4 Be7 16.c4
Nb6 17.b3 Bc6 18.Bb2 Nd7 19.Qg4 g6 20.Qe2 a5 21.Rfd1 e5